| Tag |
First Indicator |
Second Indicator |
Subfields |
| LEADER |
00000cam a2200000 a 4500 |
| 001 |
in00000033392 |
| 005 |
20151007060613.0 |
| 008 |
860710s1986 dcu 00000 eng d |
| 019 |
|
|
|a 13776006
|a 15503125
|
| 035 |
|
|
|a (OCoLC)13848282
|
| 035 |
|
|
|9 AAC1257AM
|
| 040 |
|
|
|a ALM
|c ALM
|d OCL
|d IBA
|d m/c
|d OCL
|d TXA
|d UtOrBLW
|
| 049 |
|
|
|a TXAM
|c [A11076265]
|
| 050 |
|
4 |
|a Z675.R45
|b C47 1986
|
| 245 |
0 |
4 |
|a The Changing system of scholarly communication /
|c [prepared by] ARL Task Force on Scholarly Communication, Charles B. Osburn, chair.
|
| 264 |
|
1 |
|a Washington, D.C. :
|b Association of Research Libraries,
|c [1986]
|
| 300 |
|
|
|a 7 pages ;
|c 28 cm.
|
| 336 |
|
|
|a text
|b txt
|2 rdacontent
|
| 337 |
|
|
|a unmediated
|b n
|2 rdamedia
|
| 338 |
|
|
|a volume
|b nc
|2 rdacarrier
|
| 650 |
|
0 |
|a Research libraries.
|
| 650 |
|
0 |
|a Learning and scholarship.
|
| 650 |
|
0 |
|a Communication in the humanities.
|
| 650 |
|
0 |
|a Communication in science.
|
| 710 |
2 |
|
|a Association of Research Libraries.
|b Task Force on Scholarly Communication.
|
| 700 |
1 |
|
|a Osburn, Charles B.
|
| 999 |
|
|
|a MARS
|
| 999 |
f |
f |
|s 69b0ef2a-b8a6-3737-a238-27b91b26cb5e
|i bdec7867-56bf-3ed9-a6f0-90f8936ef62f
|t 0
|
| 952 |
f |
f |
|p ric
|a Texas A&M University
|b Rellis Campus
|c Joint Library Facility
|d Remote Storage
|t 0
|e Z675.R45 C47 1986
|h Library of Congress classification
|i unmediated -- volume
|m A14811076265
|
| 998 |
f |
f |
|a Z675.R45 C47 1986
|t 0
|l Remote Storage
|